000 00595nam a2200241 a 4500
001 nice12345678
003 IN_TiNIC
005 20260116011656.0
008 050524s1956 mada grp 000 0 eng
020 _a
_c2.5
082 0 0 _a294.5924
_bSTE
100 _aStephen, Dorothea
245 _aGita in Life
260 _aMadras
_bChristian Literature Society
_c1956
300 _a98p
500 _aincludes index and biblioraphy
505 2 _aBibliography, Index of Names
650 _aBhagavad Gita
700 1 _aStephen, Dorothea
902 _bSRS
942 _cBK
999 _c3331
_d3331